000 00809nam a2200229Ia 4500
003 OSt
005 20220923222246.0
006 a|||||r|||| 00| 0
007 ta
008 220922b |||||||| |||| 00| 0 hin d
024 _a204,063
037 _cTextual
040 _aARTS
_cARTS
_bhin
041 _2hin
_ahin
082 _aO154:3M87x, 152J2
100 _aमुंशी, कन्हैयालाल माणिकलाल; सिंह, राजबहादुर, अनु.
_9166461
245 0 _aमेरी कमला
246 _aMerī kamalā
260 _c1952
942 _hO154:3M87x, 152J2
_cTEXL
_2CC
999 _c354812
_d354812